Направления исследований в области машиностроения последних лет; Химия и химическая технология в XXI веке; Т. 2

書誌詳細
Parent link:Химия и химическая технология в XXI веке: материалы XXV Юбилейной Международной научно-практической конференции студентов и молодых ученых имени выдающихся химиков Л.П. Кулёва и Н.М. Кижнера, посвященной 100-летию со дня рождения профессора В.П. Лопатинского, 20-24 мая 2024 г., г. Томск/ Национальный исследовательский Томский политехнический университет.— .— Томск: Изд-во ТПУ, 2024
Т. 2.— 2024.— С. 60-61
第一著者: Протопопова Е. Ю.
その他の著者: Лысак И. А. Илья Александрович (научный руководитель)
要約:Заглавие с экрана
Текстовый файл
言語:ロシア語
出版事項: 2024
主題:
オンライン・アクセス:http://earchive.tpu.ru/handle/11683/84131
フォーマット: MixedMaterials 電子媒体 図書の章
KOHA link:https://koha.lib.tpu.ru/cgi-bin/koha/opac-detail.pl?biblionumber=677198

MARC

LEADER 00000naa2a2200000 4500
001 677198
005 20250211132323.0
090 |a 677198 
100 |a 20241205d2024 k||y0rusy50 ca 
101 0 |a rus 
102 |a RU 
135 |a drcn ---uucaa 
200 1 |a Направления исследований в области машиностроения последних лет  |f Е. Ю. Протопопова  |g науч. рук. И. А. Лысак 
300 |a Заглавие с экрана 
320 |a Литература: 3 назв 
336 |a Текстовый файл 
461 1 |0 677027  |9 677027  |t Химия и химическая технология в XXI веке  |o материалы XXV Юбилейной Международной научно-практической конференции студентов и молодых ученых имени выдающихся химиков Л.П. Кулёва и Н.М. Кижнера, посвященной 100-летию со дня рождения профессора В.П. Лопатинского, 20-24 мая 2024 г., г. Томск  |f Национальный исследовательский Томский политехнический университет  |c Томск  |d 2024  |n Изд-во ТПУ 
463 1 |0 677030  |9 677030  |t Т. 2  |d 2024  |v С. 60-61  |u conference_tpu-2024-C27_V2.pdf 
545 1 |a Охрана окружающей среды и рациональное использование природных ресурсов 
610 1 |a труды учёных ТПУ 
610 1 |a электронный ресурс 
610 1 |a машиностроение 
610 1 |a анализ конечных элементов 
610 1 |a моделирование 
610 1 |a модели деформации 
610 1 |a мультифизические явления 
610 1 |a механические свойства 
700 1 |a Протопопова  |b Е. Ю.  
702 1 |a Лысак  |b И. А.  |c специалист в области автоматизации и робототехники  |c доцент Томского политехнического университета, кандидат технических наук  |f 1977-  |g Илья Александрович  |4 727 
801 0 |a RU  |b 63413507  |c 20241205  |g RCR 
850 |a 63413507 
856 4 |u http://earchive.tpu.ru/handle/11683/84131  |z http://earchive.tpu.ru/handle/11683/84131 
942 |c CF